[Event "Deutsche Ländermeisterschaft 2023"]
[Site "Hannover GER"]
[Date "2023.10.04"]
[Round "6"]
[White "Heinisch, Niklas"]
[Black "Dodul, Arthur"]
[Result "1-0"]
[Termination "normal"]
[Board "5.5"]
[WhiteElo "1919"]
[BlackElo "1604"]
[WhiteClock "00:15:36"]
[BlackClock "00:56:52"]
[WhiteTeam "Bayern"]
[BlackTeam "Brandenburg"]
[PlyCount "87"]
[WhiteFideId "16295080"]
[BlackFideId "34609016"]
[EventCountry "GER"]
[EventRounds "7"]
[EventType "team-swiss"]
[EventDate "2023.09.30"]

1. c4 {[%clk 01:30:54]} {[%emt 00:00:05]} c5 {[%clk 01:30:37]} {[%emt
00:00:23]} 2. Nc3 {[%clk 01:31:03]} {[%emt 00:00:22]} Nc6 {[%clk 01:30:51]}
{[%emt 00:00:16]} 3. g3 {[%clk 01:31:27]} {[%emt 00:00:07]} g6 {[%clk
01:31:14]} {[%emt 00:00:07]} 4. Bg2 {[%clk 01:31:53]} {[%emt 00:00:04]} Bg7
{[%clk 01:31:39]} {[%emt 00:00:05]} 5. e4 {[%clk 01:32:16]} {[%emt 00:00:07]}
e5 {[%clk 01:31:54]} {[%emt 00:00:15]} 6. Nge2 {[%clk 01:32:16]} {[%emt
00:00:30]} Nge7 {[%clk 01:32:14]} {[%emt 00:00:09]} 7. d3 {[%clk 01:32:36]}
{[%emt 00:00:11]} d6 {[%clk 01:32:37]} {[%emt 00:00:07]} 8. O-O {[%clk
01:32:34]} {[%emt 00:00:33]} O-O {[%clk 01:33:02]} {[%emt 00:00:04]} 9. a3
{[%clk 01:32:41]} {[%emt 00:00:23]} a5 {[%clk 01:33:22]} {[%emt 00:00:10]} 10.
Rb1 {[%clk 01:32:24]} {[%emt 00:00:47]} Be6 {[%clk 01:33:25]} {[%emt 00:00:26]}
11. Nd5 {[%clk 01:32:35]} {[%emt 00:00:19]} Rb8 {[%clk 01:32:39]} {[%emt
00:01:15]} 12. Nec3 {[%clk 01:32:01]} {[%emt 00:01:05]} Bxd5 {[%clk 01:32:11]}
{[%emt 00:00:59]} 13. cxd5 {[%clk 01:23:37]} {[%emt 00:08:54]} Nd4 {[%clk
01:32:29]} {[%emt 00:00:10]} 14. b4 {[%clk 01:12:02]} {[%emt 00:12:07]} axb4
{[%clk 01:32:40]} {[%emt 00:00:18]} 15. axb4 {[%clk 01:12:21]} {[%emt
00:00:12]} b6 {[%clk 01:32:57]} {[%emt 00:00:12]} 16. f4 {[%clk 00:49:38]}
{[%emt 00:23:13]} Qc7 {[%clk 01:27:49]} {[%emt 00:05:38]} 17. Ne2 {[%clk
00:38:11]} {[%emt 00:11:54]} Nxe2+ {[%clk 01:19:35]} {[%emt 00:08:47]} 18. Qxe2
{[%clk 00:38:35]} {[%emt 00:00:06]} f5 {[%clk 01:19:29]} {[%emt 00:00:36]} 19.
fxe5 {[%clk 00:36:01]} {[%emt 00:03:04]} Bxe5 {[%clk 01:19:23]} {[%emt
00:00:35]} 20. Bb2 {[%clk 00:34:47]} {[%emt 00:01:42]} Rfe8 {[%clk 01:16:21]}
{[%emt 00:03:33]} 21. Bxe5 {[%clk 00:34:35]} {[%emt 00:00:43]} dxe5 {[%clk
01:16:43]} {[%emt 00:00:08]} 22. Qc2 {[%clk 00:34:15]} {[%emt 00:00:50]} Qd6
{[%clk 01:16:10]} {[%emt 00:01:03]} 23. bxc5 {[%clk 00:31:06]} {[%emt
00:03:39]} bxc5 {[%clk 01:16:17]} {[%emt 00:00:23]} 24. Rbc1 {[%clk 00:29:53]}
{[%emt 00:01:44]} Rbc8 {[%clk 01:16:19]} {[%emt 00:00:27]} 25. Qc4 {[%clk
00:29:27]} {[%emt 00:00:56]} Rc7 {[%clk 01:13:26]} {[%emt 00:03:23]} 26. Ra1
{[%clk 00:29:28]} {[%emt 00:00:28]} Nc8 {[%clk 01:03:06]} {[%emt 00:10:50]} 27.
Ra6 {[%clk 00:29:25]} {[%emt 00:00:32]} Qd8 {[%clk 01:03:19]} {[%emt 00:00:17]}
28. d6+ {[%clk 00:29:49]} {[%emt 00:00:07]} Rf7 {[%emt 00:13:24]} 29. Qxc5
{[%clk 00:16:58]} {[%emt 00:00:01]} Rf6 {[%clk 00:55:45]} {[%emt 00:08:30]} 30.
Ra8 {[%clk 00:14:30]} {[%emt 00:02:51]} Rxd6 {[%clk 00:54:59]} {[%emt
00:01:23]} 31. Rxc8 {[%clk 00:13:55]} {[%emt 00:01:04]} Qxc8 {[%clk 00:55:01]}
{[%emt 00:00:28]} 32. Qxd6 {[%clk 00:14:19]} {[%emt 00:00:07]} fxe4 {[%clk
00:54:58]} {[%emt 00:00:33]} 33. Bxe4 {[%clk 00:13:43]} {[%emt 00:01:06]} Qd8
{[%clk 00:54:50]} {[%emt 00:00:35]} 34. Qxd8 {[%clk 00:12:37]} {[%emt
00:01:38]} Rxd8 {[%clk 00:55:15]} {[%emt 00:00:05]} 35. Kf2 {[%clk 00:12:54]}
{[%emt 00:00:12]} Kf7 {[%clk 00:55:35]} {[%emt 00:00:09]} 36. Ke3+ {[%clk
00:13:16]} {[%emt 00:00:10]} Ke6 {[%clk 00:55:58]} {[%emt 00:00:06]} 37. Rb1
{[%clk 00:13:33]} {[%emt 00:00:13]} Rd7 {[%clk 00:55:31]} {[%emt 00:00:55]} 38.
Rb6+ {[%clk 00:13:51]} {[%emt 00:00:14]} Kf7 {[%clk 00:55:49]} {[%emt
00:00:09]} 39. Rb7 {[%clk 00:14:18]} {[%emt 00:00:07]} Rxb7 {[%clk 00:56:15]}
{[%emt 00:00:04]} 40. Bxb7 {[%clk 00:14:45]} {[%emt 00:00:03]} Ke6 {[%clk
00:56:36]} {[%emt 00:00:09]} 41. Ke4 {[%clk 00:15:06]} {[%emt 00:00:09]} h6
{[%clk 00:56:58]} {[%emt 00:00:07]} 42. h3 {[%clk 00:15:00]} {[%emt 00:00:37]}
g5 {[%clk 00:57:04]} {[%emt 00:00:25]} 43. g4 {[%clk 00:15:20]} {[%emt
00:00:10]} Kf6 {[%clk 00:56:52]} {[%emt 00:00:42]} 44. Bc8 {[%clk 00:15:36]}
{[%emt 00:00:13]} 1-0

[Event "Deutsche Ländermeisterschaft 2023"]
[Site "Hannover GER"]
[Date "2023.10.04"]
[Round "6"]
[White "Dodul, Alice"]
[Black "Wunderlich, Elias"]
[Result "0-1"]
[Termination "normal"]
[Board "5.6"]
[WhiteElo "1414"]
[BlackElo "2008"]
[WhiteClock "00:56:58"]
[BlackClock "00:29:38"]
[WhiteTeam "Brandenburg"]
[BlackTeam "Bayern"]
[PlyCount "96"]
[WhiteFideId "34623817"]
[BlackFideId "34608087"]
[EventCountry "GER"]
[EventRounds "7"]
[EventType "team-swiss"]
[EventDate "2023.09.30"]

1. f4 {[%clk 01:30:58]} {[%emt 00:00:02]} d5 {[%clk 01:30:50]} {[%emt
00:00:11]} 2. Nf3 {[%clk 01:31:19]} {[%emt 00:00:08]} Nf6 {[%clk 01:31:08]}
{[%emt 00:00:13]} 3. e3 {[%clk 01:31:36]} {[%emt 00:00:12]} g6 {[%clk
01:31:22]} {[%emt 00:00:17]} 4. d4 {[%clk 01:31:49]} {[%emt 00:00:17]} c5
{[%clk 01:31:19]} {[%emt 00:00:33]} 5. c3 {[%clk 01:32:02]} {[%emt 00:00:16]}
Nc6 {[%clk 01:31:29]} {[%emt 00:00:21]} 6. Be2 {[%clk 01:30:49]} {[%emt
00:01:43]} Bg7 {[%clk 01:31:09]} {[%emt 00:00:51]} 7. O-O {[%clk 01:30:04]}
{[%emt 00:01:15]} Bf5 {[%clk 01:31:06]} {[%emt 00:00:33]} 8. Bd2 {[%clk
01:26:36]} {[%emt 00:03:57]} Qc7 {[%clk 01:29:33]} {[%emt 00:02:04]} 9. Be1
{[%clk 01:25:50]} {[%emt 00:01:16]} h5 {[%clk 01:27:46]} {[%emt 00:02:17]} 10.
Bh4 {[%clk 01:24:46]} {[%emt 00:01:34]} O-O-O {[%clk 01:23:55]} {[%emt
00:04:21]} 11. Ng5 {[%clk 01:20:25]} {[%emt 00:04:51]} Rhf8 {[%clk 01:21:53]}
{[%emt 00:02:32]} 12. h3 {[%clk 01:19:51]} {[%emt 00:01:03]} Ne4 {[%clk
01:12:29]} {[%emt 00:09:55]} 13. Nd2 {[%clk 01:16:50]} {[%emt 00:03:31]} Nxg5
{[%clk 01:12:03]} {[%emt 00:00:56]} 14. Bxg5 {[%clk 01:16:10]} {[%emt
00:01:10]} f6 {[%clk 00:41:28]} {[%emt 00:31:06]} 15. Bh4 {[%clk 01:16:03]}
{[%emt 00:00:36]} Rh8 {[%clk 00:41:27]} {[%emt 00:00:31]} 16. Nf3 {[%clk
01:14:41]} {[%emt 00:01:51]} Rd7 {[%clk 00:41:12]} {[%emt 00:00:45]} 17. Qe1
{[%clk 01:08:08]} {[%emt 00:07:03]} Qb6 {[%clk 00:40:35]} {[%emt 00:01:08]} 18.
Qd2 {[%clk 01:05:19]} {[%emt 00:03:18]} Be4 {[%clk 00:30:40]} {[%emt 00:10:26]}
19. Rfe1 {[%clk 01:01:59]} {[%emt 00:03:50]} Nd8 {[%clk 00:28:12]} {[%emt
00:02:58]} 20. Bf2 {[%clk 00:58:58]} {[%emt 00:03:31]} Nf7 {[%clk 00:27:35]}
{[%emt 00:01:07]} 21. h4 {[%clk 00:57:41]} {[%emt 00:01:47]} Nh6 {[%clk
00:25:02]} {[%emt 00:03:03]} 22. Nh2 {[%clk 00:55:42]} {[%emt 00:02:29]} e5
{[%clk 00:22:46]} {[%emt 00:02:46]} 23. fxe5 {[%clk 00:53:58]} {[%emt
00:02:14]} fxe5 {[%clk 00:23:04]} {[%emt 00:00:13]} 24. Bf3 {[%clk 00:53:18]}
{[%emt 00:01:10]} Bxf3 {[%clk 00:13:03]} {[%emt 00:10:30]} 25. Nxf3 {[%clk
00:53:09]} {[%emt 00:00:39]} e4 {[%clk 00:12:59]} {[%emt 00:00:35]} 26. dxc5
{[%clk 00:52:12]} {[%emt 00:01:27]} Qxc5 {[%clk 00:13:11]} {[%emt 00:00:17]}
27. Nd4 {[%clk 00:52:08]} {[%emt 00:00:34]} Qe7 {[%clk 00:12:28]} {[%emt
00:01:13]} 28. Qe2 {[%clk 00:49:02]} {[%emt 00:03:37]} Ng4 {[%clk 00:12:24]}
{[%emt 00:00:33]} 29. Bg3 {[%clk 00:47:29]} {[%emt 00:02:02]} Be5 {[%clk
00:11:48]} {[%emt 00:01:06]} 30. Bf4 {[%clk 00:44:33]} {[%emt 00:03:26]} Bxf4
{[%clk 00:11:08]} {[%emt 00:01:10]} 31. exf4 {[%clk 00:43:38]} {[%emt
00:01:25]} Qxh4 {[%clk 00:11:31]} {[%emt 00:00:07]} 32. Qd2 {[%clk 00:39:47]}
{[%emt 00:04:21]} e3 {[%clk 00:04:02]} {[%emt 00:07:59]} 33. Qc2 {[%clk
00:37:18]} {[%emt 00:02:59]} Qh2+ {[%clk 00:04:16]} {[%emt 00:00:15]} 34. Kf1
{[%clk 00:37:31]} {[%emt 00:00:18]} Qh1+ {[%clk 00:04:08]} {[%emt 00:00:38]}
35. Ke2 {[%clk 00:37:47]} {[%emt 00:00:15]} Qxg2+ {[%clk 00:04:25]} {[%emt
00:00:12]} 36. Kd1 {[%clk 00:37:54]} {[%emt 00:00:23]} Nf2+ {[%clk 00:03:51]}
{[%emt 00:01:04]} 37. Kc1 {[%clk 00:37:20]} {[%emt 00:01:04]} Re8 {[%clk
00:03:07]} {[%emt 00:01:14]} 38. Ne2 {[%clk 00:36:06]} {[%emt 00:01:45]} Qe4
{[%clk 00:02:42]} {[%emt 00:00:55]} 39. Rg1 {[%clk 00:34:27]} {[%emt 00:02:08]}
Re6 {[%clk 00:01:59]} {[%emt 00:01:13]} 40. b3 {[%clk 00:32:22]} {[%emt
00:02:36]} Nd3+ {[%clk 00:01:47]} {[%emt 00:00:42]} 41. Kd1 {[%clk 00:31:05]}
{[%emt 00:01:47]} Nxf4 {[%clk 00:01:17]} {[%emt 00:00:59]} 42. Re1 {[%clk
00:29:17]} {[%emt 00:02:18]} Nd3 {[%clk 00:29:54]} {[%emt 00:01:54]} 43. Rg1
{[%clk 00:59:21]} {[%emt 00:00:25]} Rf6 {[%clk 00:29:22]} {[%emt 00:01:02]} 44.
Rb1 {[%clk 00:58:27]} {[%emt 00:01:24]} Rf2 {[%clk 00:29:25]} {[%emt 00:00:27]}
45. Ra1 {[%clk 00:57:32]} {[%emt 00:01:25]} Rdf7 {[%clk 00:29:16]} {[%emt
00:00:39]} 46. Qb1 {[%clk 00:56:49]} {[%emt 00:01:13]} Rxe2 {[%clk 00:29:17]}
{[%emt 00:00:29]} 47. Kxe2 {[%clk 00:56:36]} {[%emt 00:00:43]} Rf2+ {[%clk
00:29:38]} {[%emt 00:00:09]} 48. Kd1 {[%clk 00:56:58]} {[%emt 00:00:09]} Rd2#
{[%emt 00:00:10]} 0-1

[Event "Deutsche Ländermeisterschaft 2023"]
[Site "Hannover GER"]
[Date "2023.10.04"]
[Round "6"]
[White "Prinzen, Siri Marleen"]
[Black "Heuberger, Sandra"]
[Result "1-0"]
[Termination "normal"]
[Board "5.7"]
[WhiteElo "1689"]
[BlackElo "1271"]
[WhiteClock "00:01:54"]
[BlackClock "00:02:50"]
[WhiteTeam "Bayern"]
[BlackTeam "Brandenburg"]
[PlyCount "137"]
[WhiteFideId "16265912"]
[BlackFideId "16232151"]
[EventCountry "GER"]
[EventRounds "7"]
[EventType "team-swiss"]
[EventDate "2023.09.30"]

1. e4 {[%clk 01:30:58]} {[%emt 00:00:02]} e5 {[%clk 01:30:54]} {[%emt
00:00:06]} 2. Nf3 {[%clk 01:31:24]} {[%emt 00:00:04]} Nc6 {[%clk 01:31:05]}
{[%emt 00:00:18]} 3. Bc4 {[%clk 01:31:50]} {[%emt 00:00:04]} Nf6 {[%clk
01:31:15]} {[%emt 00:00:21]} 4. d3 {[%clk 01:32:10]} {[%emt 00:00:09]} Bc5
{[%clk 01:29:59]} {[%emt 00:01:47]} 5. c3 {[%clk 01:32:02]} {[%emt 00:00:38]}
O-O {[%clk 01:29:45]} {[%emt 00:00:44]} 6. Nbd2 {[%clk 01:30:44]} {[%emt
00:01:48]} d6 {[%clk 01:28:22]} {[%emt 00:01:53]} 7. Bb3 {[%clk 01:30:27]}
{[%emt 00:00:46]} Bg4 {[%clk 01:27:24]} {[%emt 00:01:28]} 8. h3 {[%clk
01:28:58]} {[%emt 00:02:00]} Bh5 {[%clk 01:26:30]} {[%emt 00:01:23]} 9. Nf1
{[%clk 01:26:49]} {[%emt 00:02:39]} Re8 {[%clk 01:25:15]} {[%emt 00:01:45]} 10.
g4 {[%clk 01:24:04]} {[%emt 00:03:16]} Bg6 {[%clk 01:24:15]} {[%emt 00:01:29]}
11. Ng3 {[%clk 01:23:19]} {[%emt 00:01:15]} d5 {[%clk 01:15:34]} {[%emt
00:09:11]} 12. Qe2 {[%clk 01:21:59]} {[%emt 00:01:50]} dxe4 {[%clk 01:12:15]}
{[%emt 00:03:49]} 13. dxe4 {[%clk 01:22:03]} {[%emt 00:00:26]} Qe7 {[%clk
01:09:43]} {[%emt 00:03:02]} 14. Nh4 {[%clk 01:05:44]} {[%emt 00:16:49]} Rad8
{[%clk 00:56:49]} {[%emt 00:13:24]} 15. Nhf5 {[%clk 01:03:53]} {[%emt
00:02:22]} Bxf5 {[%clk 00:55:10]} {[%emt 00:02:09]} 16. Nxf5 {[%clk 01:03:58]}
{[%emt 00:00:24]} Qd7 {[%clk 00:53:01]} {[%emt 00:02:39]} 17. g5 {[%clk
01:00:15]} {[%emt 00:04:14]} Nxe4 {[%clk 00:45:02]} {[%emt 00:08:29]} 18. Qxe4
{[%clk 01:00:22]} {[%emt 00:00:22]} Kh8 {[%clk 00:44:33]} {[%emt 00:01:00]} 19.
Qg4 {[%clk 00:54:41]} {[%emt 00:06:10]} Qd3 {[%clk 00:39:03]} {[%emt 00:05:59]}
20. Ne3 {[%clk 00:49:46]} {[%emt 00:05:27]} Ne7 {[%clk 00:32:24]} {[%emt
00:07:09]} 21. Bc2 {[%clk 00:45:37]} {[%emt 00:04:38]} Qd6 {[%clk 00:32:18]}
{[%emt 00:00:34]} 22. O-O {[%clk 00:42:43]} {[%emt 00:03:26]} Ng6 {[%clk
00:30:49]} {[%emt 00:02:00]} 23. Nf5 {[%clk 00:38:20]} {[%emt 00:04:53]} Qb6
{[%clk 00:28:08]} {[%emt 00:03:08]} 24. b4 {[%clk 00:30:46]} {[%emt 00:08:06]}
Bf8 {[%clk 00:27:58]} {[%emt 00:00:41]} 25. a3 {[%clk 00:29:25]} {[%emt
00:01:51]} Qc6 {[%clk 00:24:52]} {[%emt 00:03:32]} 26. c4 {[%clk 00:25:22]}
{[%emt 00:04:38]} e4 {[%clk 00:24:28]} {[%emt 00:00:54]} 27. c5 {[%clk
00:20:52]} {[%emt 00:04:59]} b6 {[%clk 00:22:45]} {[%emt 00:02:13]} 28. Be3
{[%clk 00:19:19]} {[%emt 00:02:02]} bxc5 {[%clk 00:21:11]} {[%emt 00:02:05]}
29. Bxc5 {[%clk 00:18:08]} {[%emt 00:01:40]} Bxc5 {[%clk 00:20:13]} {[%emt
00:01:28]} 30. bxc5 {[%clk 00:18:30]} {[%emt 00:00:08]} Qxc5 {[%clk 00:19:00]}
{[%emt 00:01:43]} 31. Bxe4 {[%clk 00:17:58]} {[%emt 00:01:02]} Qc4 {[%clk
00:17:47]} {[%emt 00:01:41]} 32. Bg2 {[%clk 00:17:29]} {[%emt 00:01:01]} Qb5
{[%clk 00:16:26]} {[%emt 00:01:48]} 33. Nd4 {[%clk 00:16:09]} {[%emt 00:01:52]}
Qc5 {[%clk 00:15:46]} {[%emt 00:01:09]} 34. Nc6 {[%clk 00:14:36]} {[%emt
00:02:03]} Rd6 {[%clk 00:15:01]} {[%emt 00:01:15]} 35. Rfc1 {[%clk 00:14:08]}
{[%emt 00:00:59]} Qb6 {[%clk 00:13:40]} {[%emt 00:01:50]} 36. Qb4 {[%clk
00:13:17]} {[%emt 00:01:22]} Qa6 {[%clk 00:12:45]} {[%emt 00:01:24]} 37. Qc4
{[%clk 00:13:01]} {[%emt 00:00:46]} Rd1+ {[%clk 00:09:35]} {[%emt 00:03:41]}
38. Kh2 {[%clk 00:11:30]} {[%emt 00:02:02]} Qxc4 {[%clk 00:09:38]} {[%emt
00:00:26]} 39. Rxc4 {[%clk 00:11:53]} {[%emt 00:00:07]} Rxa1 {[%clk 00:09:55]}
{[%emt 00:00:13]} 40. Nxa7 {[%clk 00:05:52]} {[%emt 00:06:31]} Rxa3 {[%clk
00:08:28]} {[%emt 00:01:56]} 41. Rxc7 {[%clk 00:04:47]} {[%emt 00:01:36]} Kg8
{[%clk 00:06:50]} {[%emt 00:02:05]} 42. Bd5 {[%clk 00:25:20]} {[%emt 00:09:59]}
Ne7 {[%clk 00:33:55]} {[%emt 00:03:25]} 43. Bc4 {[%clk 00:20:59]} {[%emt
00:04:51]} Ra1 {[%clk 00:27:38]} {[%emt 00:06:48]} 44. Nb5 {[%clk 00:16:43]}
{[%emt 00:04:45]} Rd1 {[%clk 00:26:47]} {[%emt 00:01:20]} 45. Nc3 {[%clk
00:15:31]} {[%emt 00:01:42]} Rc1 {[%clk 00:19:28]} {[%emt 00:07:50]} 46. Ne4
{[%clk 00:14:33]} {[%emt 00:01:27]} Nd5 {[%clk 00:17:30]} {[%emt 00:02:29]} 47.
Rc5 {[%clk 00:11:57]} {[%emt 00:03:05]} Nb6 {[%clk 00:07:12]} {[%emt 00:10:49]}
48. Nd6 {[%clk 00:08:38]} {[%emt 00:03:49]} Rf8 {[%clk 00:07:05]} {[%emt
00:00:38]} 49. Bxf7+ {[%clk 00:06:40]} {[%emt 00:02:29]} Rxf7 {[%clk 00:06:59]}
{[%emt 00:00:37]} 50. Rxc1 {[%clk 00:07:03]} {[%emt 00:00:06]} Rxf2+ {[%clk
00:06:53]} {[%emt 00:00:36]} 51. Kg3 {[%clk 00:07:06]} {[%emt 00:00:26]} Rd2
{[%clk 00:06:45]} {[%emt 00:00:38]} 52. Rc6 {[%clk 00:06:41]} {[%emt 00:00:55]}
Nd7 {[%clk 00:06:48]} {[%emt 00:00:25]} 53. Rc8+ {[%clk 00:06:27]} {[%emt
00:00:45]} Nf8 {[%clk 00:07:08]} {[%emt 00:00:10]} 54. Nf5 {[%clk 00:06:11]}
{[%emt 00:00:45]} Re2 {[%clk 00:06:32]} {[%emt 00:01:08]} 55. h4 {[%clk
00:05:46]} {[%emt 00:00:55]} Re1 {[%clk 00:06:24]} {[%emt 00:00:37]} 56. h5
{[%clk 00:03:20]} {[%emt 00:02:56]} Kf7 {[%clk 00:05:52]} {[%emt 00:01:02]} 57.
Rc7+ {[%clk 00:03:19]} {[%emt 00:00:30]} Ke8 {[%clk 00:03:41]} {[%emt
00:02:41]} 58. Nxg7+ {[%clk 00:03:31]} {[%emt 00:00:18]} Kd8 {[%clk 00:03:56]}
{[%emt 00:00:16]} 59. Rc4 {[%clk 00:02:38]} {[%emt 00:01:22]} Re5 {[%clk
00:03:10]} {[%emt 00:01:09]} 60. Kg4 {[%clk 00:02:02]} {[%emt 00:01:13]} Ke7
{[%clk 00:02:43]} {[%emt 00:00:54]} 61. Nf5+ {[%clk 00:02:16]} {[%emt
00:00:20]} Ke6 {[%clk 00:02:21]} {[%emt 00:00:52]} 62. Ng7+ {[%clk 00:01:49]}
{[%emt 00:00:57]} Ke7 {[%clk 00:01:57]} {[%emt 00:00:51]} 63. Rc7+ {[%clk
00:01:50]} {[%emt 00:00:32]} Nd7 {[%clk 00:02:16]} {[%emt 00:00:12]} 64. Kf4
{[%clk 00:01:44]} {[%emt 00:00:36]} Rd5 {[%clk 00:02:28]} {[%emt 00:00:14]} 65.
Nf5+ {[%clk 00:02:02]} {[%emt 00:00:15]} Ke6 {[%clk 00:02:15]} {[%emt
00:00:44]} 66. Rc6+ {[%clk 00:02:11]} {[%emt 00:00:21]} Kf7 {[%clk 00:02:32]}
{[%emt 00:00:13]} 67. g6+ {[%clk 00:01:54]} {[%emt 00:00:46]} hxg6 {[%clk
00:02:48]} {[%emt 00:00:15]} 68. hxg6+ {[%emt 00:00:04]} Kf8 {[%clk 00:02:50]}
{[%emt 00:00:27]} 69. Rc8# {[%emt 00:00:11]} 1-0

[Event "Deutsche Ländermeisterschaft 2023"]
[Site "Hannover GER"]
[Date "2023.10.04"]
[Round "6"]
[White "Börner, Emma Charlotte"]
[Black "Artemenko, Isabella"]
[Result "1/2-1/2"]
[Termination "normal"]
[Board "5.8"]
[WhiteElo "1107"]
[BlackElo "1016"]
[WhiteClock "00:25:23"]
[BlackClock "00:38:17"]
[WhiteTeam "Brandenburg"]
[BlackTeam "Bayern"]
[PlyCount "62"]
[WhiteFideId "34637907"]
[BlackFideId "34639616"]
[EventCountry "GER"]
[EventRounds "7"]
[EventType "team-swiss"]
[EventDate "2023.09.30"]

1. e4 {[%clk 01:30:55]} {[%emt 00:00:03]} e5 {[%clk 01:30:51]} {[%emt
00:00:11]} 2. Nf3 {[%clk 01:31:12]} {[%emt 00:00:12]} Nc6 {[%clk 01:30:03]}
{[%emt 00:01:19]} 3. Nc3 {[%clk 01:31:21]} {[%emt 00:00:21]} Bc5 {[%clk
01:29:01]} {[%emt 00:01:31]} 4. Nxe5 {[%clk 01:30:16]} {[%emt 00:01:34]} Bxf2+
{[%clk 01:27:45]} {[%emt 00:01:48]} 5. Kxf2 {[%clk 01:29:22]} {[%emt 00:01:23]}
Nxe5 {[%clk 01:27:40]} {[%emt 00:00:36]} 6. d4 {[%clk 01:28:40]} {[%emt
00:01:11]} Ng6 {[%clk 01:26:33]} {[%emt 00:01:38]} 7. Bc4 {[%clk 01:26:19]}
{[%emt 00:02:50]} N8e7 {[%clk 01:23:29]} {[%emt 00:03:34]} 8. Bg5 {[%clk
01:23:54]} {[%emt 00:02:54]} h6 {[%clk 01:20:01]} {[%emt 00:03:59]} 9. Be3
{[%clk 01:22:52]} {[%emt 00:01:32]} Rf8 {[%clk 01:15:16]} {[%emt 00:05:16]} 10.
g4 {[%clk 01:16:38]} {[%emt 00:06:43]} c6 {[%clk 01:06:58]} {[%emt 00:08:49]}
11. h3 {[%clk 01:10:21]} {[%emt 00:06:46]} d5 {[%clk 01:05:48]} {[%emt
00:01:39]} 12. Bd3 {[%clk 01:06:02]} {[%emt 00:04:49]} dxe4 {[%clk 01:04:49]}
{[%emt 00:01:30]} 13. Nxe4 {[%clk 01:05:57]} {[%emt 00:00:34]} f5 {[%clk
01:04:20]} {[%emt 00:00:59]} 14. gxf5 {[%clk 01:05:42]} {[%emt 00:00:45]} Bxf5
{[%clk 01:03:54]} {[%emt 00:00:56]} 15. Ke2 {[%clk 01:04:08]} {[%emt 00:02:03]}
Nd5 {[%clk 00:58:17]} {[%emt 00:06:09]} 16. c4 {[%clk 00:59:23]} {[%emt
00:05:14]} Nxe3 {[%clk 00:57:24]} {[%emt 00:01:23]} 17. Kxe3 {[%clk 00:59:19]}
{[%emt 00:00:34]} Bxe4 {[%clk 00:53:45]} {[%emt 00:04:10]} 18. Bxe4 {[%clk
00:58:25]} {[%emt 00:01:23]} Nf4 {[%clk 00:48:49]} {[%emt 00:05:27]} 19. d5
{[%clk 00:51:42]} {[%emt 00:07:14]} Qb6+ {[%clk 00:46:36]} {[%emt 00:02:40]}
20. Qd4 {[%clk 00:48:31]} {[%emt 00:03:42]} Qxd4+ {[%clk 00:45:39]} {[%emt
00:01:28]} 21. Kxd4 {[%clk 00:48:42]} {[%emt 00:00:19]} O-O-O {[%clk 00:43:41]}
{[%emt 00:02:29]} 22. Bf3 {[%clk 00:43:45]} {[%emt 00:05:26]} Nxd5 {[%clk
00:41:24]} {[%emt 00:02:48]} 23. Bg4+ {[%clk 00:41:43]} {[%emt 00:02:31]} Kc7
{[%clk 00:40:27]} {[%emt 00:01:27]} 24. cxd5 {[%clk 00:41:10]} {[%emt
00:01:02]} Rxd5+ {[%clk 00:40:41]} {[%emt 00:00:17]} 25. Kc3 {[%clk 00:40:01]}
{[%emt 00:01:37]} Rc5+ {[%clk 00:39:57]} {[%emt 00:01:15]} 26. Kb3 {[%clk
00:36:33]} {[%emt 00:03:58]} Rb5+ {[%clk 00:39:58]} {[%emt 00:00:28]} 27. Kc3
{[%clk 00:35:07]} {[%emt 00:01:55]} Rc5+ {[%clk 00:39:08]} {[%emt 00:01:23]}
28. Kd4 {[%clk 00:33:31]} {[%emt 00:02:05]} Rd5+ {[%clk 00:38:59]} {[%emt
00:00:40]} 29. Ke4 {[%clk 00:32:06]} {[%emt 00:01:55]} Re8+ {[%clk 00:38:36]}
{[%emt 00:00:52]} 30. Kf4 {[%clk 00:29:41]} {[%emt 00:02:54]} g5+ {[%clk
00:38:28]} {[%emt 00:00:41]} 31. Kg3 {[%clk 00:25:23]} {[%emt 00:04:46]} Rd3+
{[%clk 00:38:17]} {[%emt 00:00:41]} 1/2-1/2